Un Derecho para dos. La construcción jurídica de género, sexo y sexualidad.

Spremljeno u:
Bibliografski detalji
Glavni autor: Pitch, Tamar
Format: Knjiga
Jezik:španjolski
Izdano: Madrid, España Trotta 2003
Serija:Colección Estructuras y Procesos. Serie Derecho
Teme:
Oznake: Dodaj oznaku
Bez oznaka, Budi prvi tko označuje ovaj zapis!

MARC

LEADER 00000nam a2200000 a 4500
001 UCK0364
003 CL-VaPUC
005 20220808103759.0
008 041001e20030000SP |||||||||||||||||spa|d
999 |c 310825  |d 310823 
020 |a 8481646547 
040 |c Pontificia Universidad Católica de Valparaíso 
082 0 4 |a 346.013 PIT 2003  |2 21 
100 0 |a Pitch, Tamar  |9 488279 
245 1 3 |a Un Derecho para dos. La construcción jurídica de género, sexo y sexualidad. 
260 0 3 |a Madrid, España  |b Trotta  |c 2003 
300 |a 308 páginas. 
490 0 |a Colección Estructuras y Procesos. Serie Derecho 
583 |a last modification  |c 20041001 00:00:00  |k Rodrigo Vera 
650 0 |a Derecho de familia  |9 255603 
650 0 |a Mujeres  |9 257649 
650 0 |a Derechos humanos  |9 223025 
650 0 |a Reproducción asistida  |9 441978 
650 0 |a Aborto  |9 256680 
650 0 |a Filosofía del derecho   |9 255050 
942 |c BK  |2 ddc 
945 |d 20041001 00:00:00  |a cmena 
952 |0 0  |1 0  |2 ddc  |4 0  |6 346_013000000000000_PIT_2003  |7 0  |8 A  |9 379851  |a BIBDER  |b BIBDER  |d 2019-11-21  |i 4067126  |l 2  |o 346.013 PIT 2003  |p 4067126  |r 2023-05-05  |s 2023-04-28  |t 1  |w 2019-11-21  |y BK  |k DER